| 000 | 00897cam a2200265 a 4500 | ||
|---|---|---|---|
| 001 | 0000003512 | ||
| 005 | 20170406115101.0 | ||
| 008 | 040810s2003 cau 001 0 eng | ||
| 010 | _a 2004556196 | ||
| 020 | _a091796246X (pbk.) | ||
| 040 |
_aDLC _cDLC _dDLC |
||
| 050 | 0 | 0 |
_aPE1413 _b.F74 2003 |
| 082 | 0 | 0 |
_a808/.042 _222 |
| 100 | 1 |
_aFrew, Robert _q(Robert McFarland) |
|
| 245 | 1 | 0 |
_aSurvival : _ba sequential program for college writing / _cRobert M. Frew, Nancy A. Sessano. |
| 250 | _a6th ed. | ||
| 260 |
_aPalo Alto, Calif. : _bT.H. Peek Publisher, _cc2003. |
||
| 300 |
_avii, 356 p. ; _c28 cm. |
||
| 500 | _aIncludes index. | ||
| 650 | 0 |
_aEnglish language _xRhetoric _vProblems, exercises, etc. |
|
| 650 | 0 |
_aEnglish language _xGrammar _vProblems, exercises, etc. |
|
| 650 | 0 |
_aReport writing _vProblems, exercises, etc. |
|
| 700 | 1 | _aSessano, Nancy A. | |
| 908 | _a140619 | ||
| 999 |
_c3387 _d3387 |
||